Problemas capitales de la teoría jurídica del estado: desarrollados con base en la doctrina de la proposición jurídica

Wedi'i Gadw mewn:
Manylion Llyfryddiaeth
Prif Awdur: Kelsen, Hans (autor)
Fformat: Llyfr
Iaith:Sbaeneg
Cyhoeddwyd: Ciudad de México Porrua 1987
Rhifyn:2a. ed
Pynciau:
Tagiau: Ychwanegu Tag
Dim Tagiau, Byddwch y cyntaf i dagio'r cofnod hwn!

MARC

LEADER 00000nam a2200000 a 4500
001 UCX9537
003 CL-VaPUC
008 940613e19870000MX |||||||||||||||||spa|d
082 0 4 |a 340.1  |b KEL  |2 21 
100 |a Kelsen, Hans  |e autor  |9 255837 
245 1 0 |a Problemas capitales de la teoría jurídica del estado: desarrollados con base en la doctrina de la proposición jurídica 
250 |a 2a. ed 
300 |a 621 p 
942 |c BK 
945 |d 19940613 00:00:00  |a aalvarez 
260 |a Ciudad de México  |b Porrua  |c 1987 
500 |a Análisis que pretende lograr establecer una teoría pura del derecho como teoría del derecho positivo 
650 0 |a Filosofía del derecho   |9 255050 
583 |a last modification  |c 19940613 00:00:00  |k Rodrigo Vera 
999 |c 228747  |d 228745 
952 |0 0  |1 0  |4 0  |6 340_100000000000000_KEL_1987  |7 0  |8 DER_TF  |9 229146  |a BIBDER  |b BIBDER  |d 2019-11-15  |i 2983729  |l 1  |o 340.1 KEL 1987  |p 2983729  |r 2024-07-02  |s 2024-06-28  |w 2019-11-15  |x Ubicación 4to Piso  |y BK  |z Estos recursos deben solicitarse con anticipación  |k DER